| 000 | 00977nam a2200253 a 4500 | ||
|---|---|---|---|
| 005 | 20160211124601.0 | ||
| 008 | 911016s1986 ck a b 000 0 spa d | ||
| 040 |
_aDNAL _cDLC _dDLC _dCO-BoIAVH |
||
| 041 | _aspa | ||
| 042 | _alccopycat | ||
| 082 | 4 |
_a580.724 _bF97s |
|
| 110 | 2 | _aFUNBOTANICA (Organization) | |
| 245 | 1 | 0 |
_aSegunda Expedición Botánica : _bprogramas y realizaciones, 1982-1986. |
| 260 |
_aBogotá, D.E., Colombia : _bFundación Segunda Expedición Botáanica, _c1986. |
||
| 300 |
_a355 paginas. : _bilustraciones. ; _c24 cm. |
||
| 500 | _a"Editor: Jaime Ayala Ramirez; colaboradores, Jorge Eliecer Ruiz ... [et al.]"--T.p. verso. | ||
| 500 | _aErrata slip inserted. | ||
| 504 | _aIncludes bibliographical references (p. 273-293). | ||
| 611 | 2 | 0 |
_aSegunda Expedición Botánica _d(1982-1986) |
| 650 | 0 |
_aBotany _zColombia. |
|
| 700 | 2 | _aAyala Ramírez, Jaime. | |
| 700 | 1 | _aRuiz, Jorge Eliécer. | |
| 942 |
_2ddc _cLIBRO |
||
| 999 |
_c1260 _d1260 |
||